Дело о ремонте дома Дирекции и Театрального училища

Доступно только в Электронных читальных залах Найти на картеНа карте
RUSMARC
00003681nmc2a22002413x 450
001d34a9b62-f102-4c24-80c5-a0ea5c6f322c
00520210422215613.0
100##$a20210209l18891892k l0rusy0189 ca
1010#$arus
102##$aRU
105##$ay###
1222#$ad
2001#$aДело о ремонте дома Дирекции и Театрального училища
$j11 мая 1889 г. - 16 марта 1892 г.
215##$a7 л.
$d36,5х26 см
251##$cДело
300##$aНа бланке обложки указано: "Дело хозяйственного отделения Конторы императорских театров"
371##$aДокумент не является опубликованным и широко распространяемым
461#0$10019264ebf8-de62-4f1a-9eb4-9f22098dbbd5
$12001
$aДирекция императорских театров МИДв
$1251
$cФонд
$1852
$j497
462#0$100157374a90-53af-4386-b127-820db06313ee
$12001
$aДела хозяйственной части Дирекции императорских театров
$1251
$cОпись
$1852
$j9
801#0$aRU
$bРГИА
$c20210209
$gRCR
801#1$aRU
$bГлавНИВЦ
$c20210209
$2rusmarc
801#2$aRU
$bПБ им. Б.Н. Ельцина
$c20210422
$gRCR
$2rusmarc
850##$aРГИА
852##$aРГИА
$eФедеральное казенное учреждение "Российский государственный исторический архив" (РГИА)
$j1573
937##$hРГИА
$d12354499
$aASBIBLIO_SCAN
035##$aRusGRCC00018356
856##$uhttp://readingroom.main.prlib.ru/item.aspx?id_node=n163149031&mode=full
Формат отображения